| 000 | 00785cam a2200265 a 4500 | ||
|---|---|---|---|
| 003 | UPN | ||
| 005 | 20240803063802.0 | ||
| 008 | 090730s2003 sp a cr 000 f spa d | ||
| 020 | _a8426348416 | ||
| 035 | _aUPN01000171634 | ||
| 040 |
_aMX-MxUPN _bspa _cMX-MxUPN |
||
| 050 | 4 |
_aPQ6657 O54 _bN56 2003 |
|
| 100 | 1 |
_aGómez Ojea, Carmen, _d1945- _930273 |
|
| 245 | 1 | 3 | _aLa niña de plata |
| 250 | _a2a edición | ||
| 260 |
_aZaragoza, Esp. : _bEdelvives, _c2003. |
||
| 300 |
_a149 páginas : _bilustraciones |
||
| 490 |
_aAla delta. Verde ; _v8 |
||
| 650 | 4 |
_aNovela española _910814 |
|
| 650 | 0 |
_aAmistad _vNovela _98175 |
|
| 700 | 1 |
_943135 _aAlonso Díaz-Toledo, Juan Ramón, _d1951- _eilustrador |
|
| 905 | _aLibro | ||
| 942 |
_2lcc _cLIBRO |
||
| 999 |
_c143739 _d143739 |
||